| 000 | 00576nam a2200193Ia 4500 | ||
|---|---|---|---|
| 008 | 140306s9999 xx 000 0 und d | ||
| 020 | _a590262769 | ||
| 050 |
_aHE 1780.5.I8 _b.W47 1995 |
||
| 100 | _aWetterer, Margaret | ||
| 245 |
_aKate shelley and the midnight express / _cMargaret Wetterer. |
||
| 260 |
_aNew York : _bScholastic Inc., _cc1995. |
||
| 300 |
_a48 p. : _bcol. ill. ; _c20 cm. |
||
| 521 | _aG5 | ||
| 526 | _c750 | ||
| 650 |
_aRailroad accidents _xJuvenile literature. |
||
| 650 |
_aShelley, Kate _xJuvenile literature. |
||
| 942 | _cBK | ||
| 999 |
_c42753 _d42753 |
||